000 00953nam a22002777a 4500
999 _c16810
_d16810
003 AR-CdUCM
008 190506b ||||| |||| 00| 0 spa d
040 _aMUNICIPALIDAD PROVINCIAL DEL CUSCO
_cBIBLIOTECA MUNICIPAL DEL CUSCO
041 _heng
082 _a082 /
_bSC29
100 _aSchmidt Nielsen, Knut
_936484
245 _aFisiología animal /
260 _aMéxico :
_bHispano americana,
_c1965.
300 _a201 paginas ;
_bIlustraciones,
_c18 cm.
440 _aManuales UTEHA N° 249/249a
_936485
500 _aTitulo original :Animal physiology
505 _aContenido : Alimento y energía -- Oxigeno -- Temperatura -- Agua -- Movimientos...
650 _aRespiración
_920006
650 _aSangre
_936486
650 _aMovimiento de músculos
_936487
650 _aSistema nervioso
_926592
650 _aHormonas
_921788
700 _aPerez Lias, Jose (Traducción)
_936488
942 _2ddc
_cLIBROS
945 _awnts
_d2019-05-6